00815nam a22002417a 450000500170000001000110001702000110002803500110003903700160005004000120006608200160007810000240009424500500011826000470016827000550021530000250027050000510029565000310034665000270037794200250040499900190042995201250044820170124110057.0 a940505 c100.00 a940505 bCen Lib/Ret aDPLbEN a954.11bSUF aSufi, G.M.D.926721 aIslamic culture in kashmir /cby G.M.D. Sufi  aNew Delhi bLight & Life Publishers c1979 a2428, Tilak Street, PaharhganjbNew Delhi e110055 avii, 393p.c21cm(Hb) aIncludes bibliographical references and index  aHistory of kashmir 926722 aIslamic culture 97702 2ddccENh954.11mSUF c129557d129557 00104070aLbLd2015-07-07eCen Lib/Retg100.00l0o954.11 SUFp940505r2015-07-07 00:00:00t1v100.00w2015-07-07yEN